Poverty of the imagination (Record no. 59538)
[ view plain ]
| 000 -LEADER | |
|---|---|
| fixed length control field | 01450pam a2200349Ia 4500 |
| 082 04 - DEWEY DECIMAL CLASSIFICATION NUMBER | |
| Classification number | 891.709/35206942 |
| 100 1# - MAIN ENTRY--AUTHOR NAME | |
| Personal name | Herman, David, |
| 245 10 - TITLE STATEMENT | |
| Title | Poverty of the imagination |
| 260 ## - PUBLICATION, DISTRIBUTION, ETC. (IMPRINT) | |
| Place of publication | Evanston, Illinois : |
| Name of publisher | Northwestern University Press, |
| Year of publication | 2001. |
| 300 ## - PHYSICAL DESCRIPTION | |
| Number of Pages | xxii, 304 p. |
| 490 1# - SERIES STATEMENT | |
| Series statement | Studies in Russian literature and theory |
| 650 #0 - SUBJECT ADDED ENTRY--TOPICAL TERM | |
| Topical Term | Russian literature |
| Topical Term | Poor in literature. |
| Topical Term | Poverty in literature. |
| 856 40 - ELECTRONIC LOCATION AND ACCESS | |
| Uniform Resource Identifier | http://site.ebrary.com/lib/rucke/Doc?id=10042652 |
No items available.
